|
|
|
|
| LEADER |
00981nam a2200241 a 4500 |
| 001 |
13699291 |
| 008 |
090614s2004 ii ab b 001 0 eng d |
| 010 |
|
|
|a 2004327824
|
| 020 |
|
|
|a 0195659686
|
| 040 |
|
|
|a DLC
|c DLC
|d DLC
|
| 082 |
0 |
0 |
|a 651.0954
|2 22
|
| 100 |
1 |
|
|a Tripathi, Dwijendra.
|
| 245 |
1 |
4 |
|a The Oxford history of Indian business /
|c Dwijendra Tripathi.
|
| 260 |
|
|
|a New Delhi :
|b New York :
|b Oxford University Press,
|c 2004.
|
| 300 |
|
|
|a xi, 371 p. :
|b ill., map ;
|c 30 cm.
|
| 504 |
|
|
|a Includes bibliographical references (p. [345]-359) and indexes.
|
| 541 |
1 |
|
|e 00013358
|
| 651 |
|
0 |
|a India
|x Commerce
|x History
|y 19th century.
|
| 651 |
|
0 |
|a India
|x Commerce
|x History
|y 20th century.
|
| 650 |
|
0 |
|a Business enterprises
|z India
|x History.
|
| 852 |
4 |
|
|a Ayesha Abed Library
|j General Shelf
|
| 999 |
|
|
|c 1602
|d 1602
|
| 952 |
|
|
|0 0
|1 0
|2 ddc
|4 0
|6 651_095400000000000_TRI
|7 0
|9 1470
|a BRACUL
|b BRACUL
|c GEN
|d 2009-06-28
|g 1552.60
|l 1
|m 3
|o 651.0954 TRI
|p 3010013358
|r 2023-01-19
|s 2022-12-21
|t 1
|w 2009-06-28
|y BK
|